000 00607nam a2200217Ia 4500
003 OSt
005 20220927105645.0
006 a|||||r|||| 00| 0
007 ta
008 220926b |||||||| |||| 00| 0 eng d
024 _a190852
037 _cReference Collections
040 _aRTL
_cRTL
_beng
041 _2eng
_aeng
082 _a"Sigma.281sN7, L6/GD"
245 0 _aGAZETTEER OF Delhi.
260 _aDelhi
_bMinistry of Information and Broadcasting
_c1976
300 _a"v, 1164p"
_ccm.
942 _h"Sigma.281sN7, L6/GD"
_cCC
999 _c693691
_d693691